Hearing abnormalities in sickle cell anemia / (رقم التسجيلة. 25955)

تفاصيل مارك
000 -LEADER
fixed length control field 010760000a22002890004500
003 - CONTROL NUMBER IDENTIFIER
control field EG-GICUC
005 - DATE AND TIME OF LATEST TRANSACTION
control field 20250223030030.0
008 - FIXED-LENGTH DATA ELEMENTS--GENERAL INFORMATION
fixed length control field 090818s1996 ua dh f m 000 0 eng d
040 ## - CATALOGING SOURCE
Original cataloging agency EG-GiCUC
Language of cataloging eng
Transcribing agency EG-GiCUC
041 0# - LANGUAGE CODE
Language code of text/sound track or separate title Eng
049 ## - LOCAL HOLDINGS (OCLC)
Holding library Deposite
097 ## - Thesis Degree
Thesis Level M.Sc
099 ## - LOCAL FREE-TEXT CALL NUMBER (OCLC)
Classification number Cai01.11.28.M.Sc.1996.Ya.H
100 0# - MAIN ENTRY--PERSONAL NAME
Personal name Yasser Mahmoud Elbaz
245 10 - TITLE STATEMENT
Title Hearing abnormalities in sickle cell anemia /
Statement of responsibility, etc. Yasser Mahmoud Elbaz ; Supervised Mona Eltagui , Eman Abdelraouf , Moustafa Elkhousht
246 15 - VARYING FORM OF TITLE
Title proper/short title العيوب السمعية فى انيميا الخلايا المنجلية
260 ## - PUBLICATION, DISTRIBUTION, ETC.
Place of publication, distribution, etc. Cairo :
Name of publisher, distributor, etc. Yasser Mahmoud Elbaz ,
Date of publication, distribution, etc. 1996
300 ## - PHYSICAL DESCRIPTION
Extent 136Leaves :
Other physical details facsimiles , charts ;
Dimensions 30cm
502 ## - DISSERTATION NOTE
Dissertation note Thesis(M.Sc.) - Cairo University - Faculty of Medicine - Department of pediatrics
700 0# - ADDED ENTRY--PERSONAL NAME
Personal name Eman Abdelraouf ,
Relator term
700 0# - ADDED ENTRY--PERSONAL NAME
Personal name Mona Eltagui ,
Relator term
700 0# - ADDED ENTRY--PERSONAL NAME
Personal name Moustafa Elkhousht ,
Relator term
856 ## - ELECTRONIC LOCATION AND ACCESS
Uniform Resource Identifier <a href="http://172.23.153.220/th.pdf">http://172.23.153.220/th.pdf</a>
905 ## - LOCAL DATA ELEMENT E, LDE (RLIN)
Cataloger Mustafa
Reviser Revisor
905 ## - LOCAL DATA ELEMENT E, LDE (RLIN)
Cataloger Reda
Reviser Cataloger
942 ## - ADDED ENTRY ELEMENTS (KOHA)
Source of classification or shelving scheme Dewey Decimal Classification
Koha item type Thesis
المقتنيات
Source of classification or shelving scheme Not for loan Home library Current library Date acquired Full call number Barcode Date last seen Koha item type
Dewey Decimal Classification   المكتبة المركزبة الجديدة - جامعة القاهرة قاعة الرسائل الجامعية - الدور الاول 11.02.2024 Cai01.11.28.M.Sc.1996.Ya.H 01010110029036000 22.09.2023 Thesis
Cairo University Libraries Portal Implemented & Customized by: Eng. M. Mohamady Contacts: new-lib@cl.cu.edu.eg | cnul@cl.cu.edu.eg
CUCL logo CNUL logo
© All rights reserved — Cairo University Libraries
CUCL logo
Implemented & Customized by: Eng. M. Mohamady Contact: new-lib@cl.cu.edu.eg © All rights reserved — New Central Library
CNUL logo
Implemented & Customized by: Eng. M. Mohamady Contact: cnul@cl.cu.edu.eg © All rights reserved — Cairo National University Library